000 00439nam a2200181Ia 4500
001 10803
005 20260306161859.0
008 260306t1982||||xx |||||||||||||| ||spa||
041 _aESP
082 _a970
_bM22
100 _aManzano Manzano, Juan
_eAUT
245 0 _aColón y su secreto:
_bEl predescubrimiento
260 _c1982
300 _a778 páginas :
_c23 cm.
650 _aGEN
654 _aCHU
942 _cLIB
_dJUS
_fJUS
_2ddc
_n
999 _c10803
_d10803